000 00385nam a22001337a 4500
082 _a823
_bGRA/S
100 _aGRANT, JOHN
245 _aMASTERS OF THE UNIVERSE: SKELETOR'S ICE ATTACK
246 _aMASTERS OF THE UNIVERSE: SKELETOR'S ICE ATTACK
_bMASTERS OF THE UNIVERSE: SKELETOR'S ICE ATTACK
260 _aENGLAND
_bLADY BIRD
300 _a43
650 _aENGLISH STORY
942 _cBK
999 _c8956
_d8956